Cities With an NFL and MLB team - Statistics

General Stats
  • This quiz has been taken 372 times
    330 since last reset
  • The average score is 11 of 18
Answers on the Grid
Answers color-coded by a green-red scale on the quiz's grid according to % correct below.
Seattle
Boston
St. Louis
Denver
Dallas
Cincinnati
Portland
Waco
Pittsburgh
San Diego
Tampa
Houston
Buffalo
Oakland
Phoenix
Philadelphia
Miami
San Francisco
Detroit
Toronto
Chicago
Las Vegas
Cleveland
Kansas City
Nashville
Charlotte
Winnipeg
Milwaukee
Los Angeles
Minneapolis
 
Answer Stats
Answer % Correct
Seattle
89%
Boston
81%
Denver
71%
Philadelphia
68%
Chicago
66%
Pittsburgh
64%
Cincinnati
62%
Houston
62%
Dallas
61%
San Francisco
59%
Tampa
59%
Detroit
58%
Los Angeles
58%
Miami
58%
Kansas City
50%
Cleveland
48%
Phoenix
48%
Minneapolis
45%
No matching quizzes found
Score Distribution
Percent of People with Each Score
Percentile by Number Answered
Your Score History
You have not taken this quiz since the last reset